Aplikace matematiky

Saved in:
Bibliographic Details
Format: Serial
Language:Czech
Published: Praha Academia
Tags: Add Tag
No Tags, Be the first to tag this record!

MARC

LEADER 00000nas1a22000001 4500
001 s120415
005 20190917144624.7
041 0 |a cze 
044 |a CZ 
245 1 0 |a Aplikace matematiky 
264 1 |a Praha  |b Academia